000 00802cam a2200229 a 4500
001 1614667
005 20180307072500.0
008 950508s1995 caua b 001 0 eng
010 _a 95011314
020 _a0787901105 (acidfree paper)
040 _aDLC
_cDLC
_dDLC
041 _aeng
080 _a658.4092 POS
082 0 0 _a658.4092 POS
_220
100 1 _a54
101 _aLID
245 1 4 _aThe leadership challenge :
_cJames M. Kouzes, Barry Z. Posner.
504 _aIncludes bibliographical references (p. 353-377) and index.
906 _a7
_bcbc
_corignew
_d1
_eocip
_f19
_gy-gencatlg
942 _2ddc
_cBK
999 _c44301
_d44301